|
|
|
|
| LEADER |
01572nam a22003857a 4500 |
| 001 |
36593 |
| 003 |
BD-DhAAL |
| 005 |
20191120161931.0 |
| 008 |
191120t2002 bg bs 000 0 eng d |
| 999 |
|
|
|c 41866
|d 41866
|
| 010 |
|
|
|a 2012323993
|
| 020 |
|
|
|z 9845591331
|
| 025 |
|
|
|a B-E-2012-323993; 22-91; 25
|
| 037 |
|
|
|b Library of Congress -- New Delhi Overseas Office
|
| 040 |
|
|
|a DLC
|c DLC
|d DLC
|d BD-DhAAL
|
| 042 |
|
|
|a lcode
|a pcc
|
| 043 |
|
|
|a a-bg---
|
| 050 |
0 |
0 |
|a HD9220.B3
|b A43 2011
|
| 082 |
|
|
|a 338.1095492
|
| 100 |
1 |
|
|a Alam, Md. Jahangir.
|9 37481
|
| 245 |
1 |
0 |
|a Export marketing of vegetables in Bangladesh :
|b a study of six villages /
|c Md. Jahangir Alam.
|
| 260 |
|
|
|a Comilla :
|b Bangladesh Academy for Rural Development,
|c 2002
|
| 300 |
|
|
|a xvii, 222 pages :
|b illustrations ;
|c 23 cm.
|
| 500 |
|
|
|a Includes statistical tables.
|
| 504 |
|
|
|a Includes bibliographical references (pages 167-173).
|
| 526 |
|
|
|a ESS
|
| 541 |
|
|
|a Complimentary copy from Professor Dr. Nasreen Khundker
|e 36593
|
| 650 |
|
0 |
|a Vegetable trade
|z Bangladesh.
|9 37482
|
| 650 |
|
0 |
|a Vegetables
|x Marketing.
|9 37483
|
| 650 |
|
0 |
|a Agriculture
|x Economic aspects
|z Bangladesh.
|9 37484
|
| 650 |
|
0 |
|a Export marketing
|z Bangladesh.
|9 37485
|
| 710 |
2 |
|
|a Bāṃlādeśa Pallī Unnaẏana Ekāḍemī.
|9 37486
|
| 852 |
|
|
|a Ayesha Abed Library
|c General Stacks
|
| 942 |
|
|
|2 ddc
|c BK
|
| 952 |
|
|
|0 0
|1 0
|2 ddc
|4 0
|6 338_109549200000000_ALA
|7 0
|9 67244
|a BRACUL
|b BRACUL
|c GEN
|d 2019-11-20
|e Complimentary copy from Professor Dr. Nasreen Khundker
|l 0
|o 338.1095492 ALA
|p 3010036593
|r 2019-11-20
|t 1
|w 2019-11-20
|y BK
|